都道府県で最も人口の少ない自治体(2000年版) - Statistics

General Stats
  • This quiz has been taken 77 times
  • The average score is 12 of 47
Answer Stats
都道府県 自治体名 人口 % Correct
東京都 三宅村 0
62%
福島県 檜枝岐村 757
57%
奈良県 野迫川村 783
57%
神奈川県 清川村 3482
56%
高知県 大川村 569
47%
新潟県 粟島浦村 449
46%
愛知県 富山村 203
46%
青森県 西目屋村 2049
41%
沖縄県 渡名喜村 523
41%
鹿児島県 三島村 500
38%
京都府 笠置町 2056
37%
長野県 平谷村 712
31%
山形県 大蔵村 4528
29%
福井県 和泉村 752
29%
大阪府 田尻町 6785
29%
愛媛県 別子山村 277
29%
滋賀県 朽木村 2625
28%
宮崎県 西米良村 1480
28%
栃木県 栗山村 2411
26%
富山県 上平村 997
25%
長崎県 高島町 900
25%
宮城県 花山村 1604
24%
和歌山県 花園村 614
24%
群馬県 中里村 941
21%
岐阜県 藤橋村 502
21%
福岡県 大島村 909
21%
北海道 西興部村 1314
19%
埼玉県 神泉村 1374
19%
石川県 尾口村 731
19%
山梨県 芦川村 590
19%
静岡県 龍山村 1236
19%
大分県 上津江村 1308
18%
岡山県 阿波村 681
16%
徳島県 木沢村 957
16%
茨城県 七会村 2498
15%
岩手県 山形村 3382
13%
千葉県 三芳村 4744
13%
三重県 大内山村 1604
13%
兵庫県 美方町 2640
13%
香川県 琴南町 3296
13%
鳥取県 佐治村 2835
12%
島根県 布施村 522
12%
秋田県 皆瀬村 3040
10%
広島県 吉和村 853
10%
山口県 川上村 1220
9%
佐賀県 三瀬村 1670
9%
熊本県 須恵村 1471
7%
No matching quizzes found
Score Distribution
Percent of People with Each Score
Percentile by Number Answered
Your Score History
You have not taken this quiz